Ελλάς εποχή του χαλκού

Αποθηκεύτηκε σε:
Λεπτομέρειες βιβλιογραφικής εγγραφής
Κύριος συγγραφέας: Vermeule, Emily
Άλλοι συγγραφείς: Ξένος, Θεόδωρος (Μεταφραστής)
Μορφή: Βιβλίο
Γλώσσα:Greek
English
Δημοσίευση: Αθήνα : Καρδαμίτσας, 1983.
Έκδοση:5η έκδ.
Θέματα:
Ετικέτες: Προσθήκη ετικέτας
Δεν υπάρχουν, Καταχωρήστε ετικέτα πρώτοι!

MARC

LEADER 00000cam a2200000 i 4500
001 1/13862
008 980327s1983 gr | ||| |||| ||gre||
035 |l 10019200 
040 |a GR-MyUA  |b gre  |e AACR2 
041 1 |a gre  |h eng 
082 0 |a 938.112 
100 1 |a Vermeule, Emily. 
245 1 0 |a Ελλάς εποχή του χαλκού /   |c Emily Vermeule ; μετάφραση Θεόδωρος Ξένος.  
250 |a 5η έκδ.  
260 |a Αθήνα :   |b Καρδαμίτσας,   |c 1983.  
300 |a 437 σ. :   |b εικ. ;   |c 24 εκ.  
500 |a Τίτλος πρωτοτύπου: Greece in the Bronze age.  
504 |a Περιέχει βιβλιογραφικές παραπομπές και ευρετήρια.  
650 0 0 |a Bronze age  |z Greece. 
650 0 0 |a Civilization, Mycenaean. 
700 1 |a Ξένος, Θεόδωρος,  |e trl 
852 |a INST  |b LESVOS  |e 19980327  |h 938.112 VER  |p 005100014701  |q 005100014701  |t BK  |y 0 
852 |a INST  |b LESVOS  |e 19991004  |h 938.112 VER  |p 005100019274  |q 005100019274  |t BK  |y 0 
852 |a INST  |b RHODES  |e 19990115  |h 938.112 VER  |p 005400005804  |q 005400005804  |t BK  |y 0 
852 |a INST  |b RHODES  |e 20081127  |h 938.112 VER  |p 005400031433  |q 005400031433  |t BK  |y 0 
901 |a BIBL-1998-2 
901 |a BIBL4-2008-3 
909 |a Λ  |b 054041 
909 |a Ρ  |b 061121 
909 |a Λ  |b 068755 
909 |a Ρ  |b 156433 
922 |a 1ΕΛΗ  |b 199802  |c ΚΠΣ/ΤΚΑ  |d EMVASIS 
922 |a 4ΕΛΗ  |b 199811  |c ΚΠΣ/ΜΕ  |d EMVASIS 
950 |a 117-1998-01-28 
970 |a ΤΖΑΦΕΡΗ  |b ΕΥΑΓΓΕΛΙΑ  |z 1999/10/04